| 000 | 00409nam a2200121Ia 4500 | ||
|---|---|---|---|
| 008 | 220615s9999||||xx |||||||||||||| ||und|| | ||
| 100 | _aTao Zhang | ||
| 245 | 0 | _aPhosphorus - Recovery and Recycling | |
| 546 | _aEnglish[eng] | ||
| 650 | _aPhysical Sciences||Engineering and Technology||Chemistry||Organic Chemistry | ||
| 856 | _uhttps://www.intechopen.com/books/phosphorus-recovery-and-recycling | ||
| 942 | _cEB | ||
| 999 |
_c12460 _d12460 |
||